| 000 | 00456nam a2200169 i 4500 | ||
|---|---|---|---|
| 001 | 30937 | ||
| 003 | ES-MaACL | ||
| 005 | 20250809063453.0 | ||
| 007 | t| | ||
| 008 | 030127q19001999fr ||||1| fre d | ||
| 100 | 1 |
_aBazin, René, _d1853-1932 _926752 |
|
| 245 | 1 | 4 |
_aLes oberlie / _cRené Bazin. |
| 260 |
_a[S.l. : _bs.n., _c19--?] ( _eLagny : _fE. Grevin) |
||
| 300 |
_a396 p. ; _c18 cm. |
||
| 852 |
_aES-MaACL _jF-5391 |
||
| 999 |
_c30937 _d30937 |
||